Practical Care of Sick Children : (Record no. 1695)
[ view plain ]
| 000 -LEADER | |
|---|---|
| fixed length control field | 00571nam a22002057a 4500 |
| 003 - CONTROL NUMBER IDENTIFIER | |
| control field | OSt |
| 005 - DATE AND TIME OF LATEST TRANSACTION | |
| control field | 20191030103605.0 |
| 008 - FIXED-LENGTH DATA ELEMENTS--GENERAL INFORMATION | |
| fixed length control field | 150430b xxu||||| |||| 00| 0 eng d |
| 020 ## - INTERNATIONAL STANDARD BOOK NUMBER | |
| International Standard Book Number | 033342347x |
| 040 ## - CATALOGING SOURCE | |
| Transcribing agency | 04 |
| 082 ## - DEWEY DECIMAL CLASSIFICATION NUMBER | |
| Classification number | WS 100 D344p 1996 |
| 100 ## - MAIN ENTRY--PERSONAL NAME | |
| Personal name | Dean, Pauline; Ebrahim, G. J. |
| 9 (RLIN) | 4485 |
| 245 ## - TITLE STATEMENT | |
| Title | Practical Care of Sick Children : |
| Remainder of title | A manual for use in small tropical hospitals |
| 260 ## - PUBLICATION, DISTRIBUTION, ETC. (IMPRINT) | |
| Place of publication, distribution, etc. | Malaysia: |
| Name of publisher, distributor, etc. | Macmillan; |
| Date of publication, distribution, etc. | 1996. |
| 300 ## - PHYSICAL DESCRIPTION | |
| Extent | iv, |
| 504 ## - BIBLIOGRAPHY, ETC. NOTE | |
| Bibliography, etc | Includes index |
| 650 ## - SUBJECT ADDED ENTRY--TOPICAL TERM | |
| Topical term or geographic name as entry element | Sick children |
| 9 (RLIN) | 4486 |
| 650 ## - SUBJECT ADDED ENTRY--TOPICAL TERM | |
| Topical term or geographic name as entry element | Paediatrics |
| 9 (RLIN) | 3350 |
| 942 ## - ADDED ENTRY ELEMENTS (KOHA) | |
| Source of classification or shelving scheme | Other/Generic Classification Scheme |
| Koha item type | Short Loan |
| Withdrawn status | Lost status | Source of classification or shelving scheme | Damaged status | Not for loan | Home library | Current library | Date acquired | Source of acquisition | Inventory number | Total Checkouts | Full call number | Barcode | Date last seen | Price effective from | Koha item type |
|---|---|---|---|---|---|---|---|---|---|---|---|---|---|---|---|
| Other/Generic Classification Scheme | MUST Main Library | MUST Main Library | 30/04/2015 | 2006/27421 | WS 100 D344p 1996 | 2015-1311 | 30/04/2015 | 30/04/2015 | Short Loan |
